Új desztináció bevezetése az utazási irodáknál (Omán)

Bibliográfiai részletek
Szerző: Makai Laura
További közreműködők: Nagy Dr. Éva Ilona
Dokumentumtípus: Diplomadolgozat
Kulcsszavak:fogyasztói igények megismerése
külföldi utazások
utazási irodák
utazásszervezés
versenytársak elemzése
Online Access:http://dolgozattar.uni-bge.hu/59834

MARC

LEADER 00000nta a2200000 i 4500
001 dolg59834
005 20260409145628.0
008 260409suuuu hu om 000 hun d
040 |a BGE Dolgozattár Repozitórium  |b hun 
041 |a hu 
100 1 |a Makai Laura 
245 1 0 |a Új desztináció bevezetése az utazási irodáknál (Omán)  |c Makai Laura  |h [elektronikus dokumentum] 
520 3 |a Ez a szakdolgozat az új desztinációk bevezetéséről szól az utazási irodákban a magyar utazási piacon, specifikusan Omán országára fókuszálva. A kutatás tartalmazza Omán versenytársainak elemzését és a fogyasztói igényeket az országgal kapcsolatban, például Marokkó, Görögország, Madeira és Kuba. A dolgozat tartalmaz két szakértői interjút és fogyasztói kérdőívet, illetve annak kiértékelését, amelyben a magyar utazók preferenciáit, valamint a piac kihívásait és esetleges lehetőségeit vizsgáltam. A dolgozatom fő célja, hogy az utazási irodákat támogassa Omán turisztikai népszerűsítésében és a lehetséges fejlesztéseket is tartalmazza a szakemberek számára. 
695 |a fogyasztói igények megismerése 
695 |a külföldi utazások 
695 |a utazási irodák 
695 |a utazásszervezés 
695 |a versenytársak elemzése 
700 1 |a Nagy Dr. Éva Ilona  |e ths 
856 4 0 |u http://dolgozattar.uni-bge.hu/59834/1/%C3%9Aj%20desztin%C3%A1ci%C3%B3%20bevezet%C3%A9se%20az%20utaz%C3%A1si%20irod%C3%A1kn%C3%A1l%20%28Om%C3%A1n%29%20V%C3%89GLEGES%20Makai%20Laura%20GNMQYE.pdf  |z Dokumentum-elérés 
856 4 0 |u http://dolgozattar.uni-bge.hu/59834/2/Makai%20Laura_opponensi_Kubesch%20M%C3%A1ria.pdf  |z Dokumentum-elérés 
856 4 0 |u http://dolgozattar.uni-bge.hu/59834/3/Makai%20Laura_b%C3%ADr%C3%A1lat_Nagy%20%C3%89va.pdf  |z Dokumentum-elérés